Loading...
Selected writings 1944-1949 /
| Main Author: | |
|---|---|
| Format: | Printed Book |
| Language: | English |
| Published: |
Prague:
Orbis Press Agency,
1981.
|
| LEADER | 00412nam a2200109Ia 4500 | ||
|---|---|---|---|
| 008 | 121027s9999 xx 000 0 eng d | ||
| 082 | |a 329.9437 |b GOT/S | ||
| 100 | |a Gottwald, Klement | ||
| 245 | |a Selected writings 1944-1949 / | ||
| 260 | |a Prague: |b Orbis Press Agency, |c 1981. | ||
| 999 | |c 66038 |d 66038 | ||
| 952 | |0 0 |1 0 |4 0 |6 329_943700000000000_GOT_S |7 0 |9 66015 |a UL |b UL |c ST2 |d 2012-10-27 |l 0 |o 329.9437 GOT/S |p G4890 |r 2012-10-27 |w 2012-10-27 |y BK | ||